[Event "Bunratty Masters 27th"]
[Site "Bunratty"]
[Date "2020.02.23"]
[Round "5"]
[White "McMorrow, John"]
[Black "Murray, David"]
[Result "1/2-1/2"]
[WhiteElo "1986"]
[BlackElo "2145"]
[PlyCount "81"]
[EventDate "2020.02.21"]
[EventType "swiss"]
[EventRounds "6"]
[EventCountry "IRL"]
[SourceTitle "EXT 2023"]
[Source "ChessBase"]
[SourceDate "2022.10.05"]
[SourceVersion "1"]
[SourceVersionDate "2022.10.05"]
[SourceQuality "1"]

1. Nf3 Nf6 2. c4 e6 3. d4 d5 4. Nc3 dxc4 5. e4 Bb4 6. Bg5 c5 7. Bxc4 Qa5 8. Bd2 cxd4 9. Nxd4 0-0 10. Qe2 Nbd7 11. Nb3 Qc7 12. f4 e5 13. 0-0 Nc5 14. Nb5 Qb6 15. Be3 Ng4 16. fxe5 Nxe3 17. Qxe3 Nxe4 18. Qxb6 axb6 19. Nc7 Rb8 20. Rf4 Nd2 21. Nd5 Nxb3 22. Bxb3 Bc5+ 23. Kh1 Be6 24. Rf3 Rbd8 25. Nf4 Bxb3 26. Rxb3 Rd2 27. g3 Re8 28. Re1 Bd4 29. Rd3 Rxd3 30. Nxd3 Kf8 31. Re4 Bc5 32. b4 Be7 33. Kg2 Rc8 34. Nf4 Rc2+ 35. Kh3 Ke8 36. a4 Rd2 37. b5 Bc5 38. e6 f5 39. Re5 g6 40. Nd5 Bg1 41. g4 1/2-1/2

[Event "Bunratty Masters 27th"]
[Site "Bunratty"]
[Date "2020.02.22"]
[Round "4"]
[White "Brady, Stephen"]
[Black "McMorrow, John"]
[Result "1-0"]
[WhiteElo "2288"]
[BlackElo "1986"]
[PlyCount "53"]
[EventDate "2020.02.21"]
[EventType "swiss"]
[EventRounds "6"]
[EventCountry "IRL"]
[SourceTitle "EXT 2023"]
[Source "ChessBase"]
[SourceDate "2022.10.05"]
[SourceVersion "1"]
[SourceVersionDate "2022.10.05"]
[SourceQuality "1"]

1. e4 e5 2. Nf3 Nc6 3. Bc4 Bc5 4. c3 Nf6 5. d3 0-0 6. Bb3 a6 7. h3 h6 8. Nbd2 d5 9. 0-0 Ba7 10. Re1 Re8 11. exd5 Nxd5 12. d4 Nf4 13. Nc4 Ng6 14. Ncxe5 Ngxe5 15. dxe5 Qe7 16. Be3 Bxe3 17. Rxe3 Rd8 18. Qc2 Na5 19. Rd1 Rxd1+ 20. Qxd1 Bf5 21. Nd4 Bh7 22. e6 f6 23. Bc2 Re8 24. Bxh7+ Kxh7 25. Nf5 Qc5 26. Qd3 Qc4 27. Qd7 1-0

[Event "Bunratty Masters 26th"]
[Site "Bunratty"]
[Date "2019.02.22"]
[Round "1"]
[White "McMorrow, John"]
[Black "Li, Henry"]
[Result "0-1"]
[WhiteElo "2052"]
[BlackElo "2287"]
[PlyCount "58"]
[EventDate "2019.02.22"]
[EventType "swiss"]
[EventRounds "6"]
[EventCountry "IRL"]
[SourceTitle "EXT 2024"]
[Source "ChessBase"]
[SourceDate "2023.10.10"]
[SourceVersion "1"]
[SourceVersionDate "2023.10.10"]
[SourceQuality "1"]

1. e4 e5 2. Nf3 Nc6 3. Bc4 Nf6 4. Ng5 d5 5. exd5 Na5 6. Bb5+ c6 7. dxc6 bxc6 8. Bd3 h6 9. Ne4 Nd5 10. g3 Be7 11. Qh5 0-0 12. 0-0 f5 13. Nec3 Nb4 14. Qe2 e4 15. Bc4+ Nxc4 16. Qxc4+ Kh8 17. Qb3 c5 18. Na3 c4 19. Qxc4 Ba6 20. Ncb5 Rc8 21. Qb3 f4 22. c4 f3 23. h3 Qd7 24. Kh2 Rc5 25. g4 Nd3 26. Nc3 Bd6+ 27. Kg1 Rf4 28. Nxe4 Rxe4 29. Kh1 Rh5 0-1

[Event "EU-Cup 33rd"]
[Site "Antalya"]
[Date "2017.10.14"]
[Round "7.5"]
[White "McMorrow, John"]
[Black "Asllani, Ibrahim"]
[Result "0-1"]
[WhiteElo "2012"]
[BlackElo "2072"]
[PlyCount "69"]
[EventDate "2017.10.08"]
[EventType "team-swiss"]
[EventRounds "7"]
[EventCountry "TUR"]
[SourceTitle "CBM 181"]
[Source "ChessBase"]
[SourceDate "2017.11.10"]
[SourceVersion "1"]
[SourceVersionDate "2017.11.10"]
[SourceQuality "1"]
[WhiteTeam "Gonzaga"]
[BlackTeam "Pristina"]
[WhiteTeamCountry "IRL"]
[BlackTeamCountry "KOS"]

1. e4 c5 2. Nf3 d6 3. d4 cxd4 4. Nxd4 a6 5. Nc3 e5 6. Nb3 Nf6 7. f3 Be6 8. Be3 Nbd7 9. Qd2 Qc7 10. g4 Nb6 11. Qf2 Nc4 12. Bxc4 Bxc4 13. Bb6 Qc8 14. Na5 Be6 15. 0-0-0 Be7 16. Rd3 Nd7 17. Na4 0-0 18. Rc3 Qe8 19. Rd1 Nf6 20. b3 Rc8 21. Rc7 Bd7 22. Nb2 Bc6 23. Nbc4 d5 24. Rxc8 Qxc8 25. Nxe5 dxe4 26. Naxc6 bxc6 27. Bc5 Bxc5 28. Qxc5 exf3 29. Nxc6 Kh8 30. g5 Ne4 31. Qb4 Re8 32. Ne7 Qe6 33. Nd5 f2 34. Nc7 Qe5 35. Qd4 0-1

[Event "EU-Cup 33rd"]
[Site "Antalya"]
[Date "2017.10.12"]
[Round "5.5"]
[White "Mathioulakis, Fanis"]
[Black "McMorrow, John"]
[Result "0-1"]
[WhiteElo "1902"]
[BlackElo "2012"]
[PlyCount "62"]
[EventDate "2017.10.08"]
[EventType "team-swiss"]
[EventRounds "7"]
[EventCountry "TUR"]
[SourceTitle "CBM 181"]
[Source "ChessBase"]
[SourceDate "2017.11.10"]
[SourceVersion "1"]
[SourceVersionDate "2017.11.10"]
[SourceQuality "1"]
[WhiteTeam "Chania Chess Academy"]
[BlackTeam "Gonzaga"]
[WhiteTeamCountry "GRE"]
[BlackTeamCountry "IRL"]

1. c4 e5 2. Nc3 Bb4 3. d3 Bxc3+ 4. bxc3 Nf6 5. e4 d6 6. h3 h6 7. Be3 Nbd7 8. Qd2 b6 9. Nf3 Bb7 10. Be2 Qe7 11. Rb1 Nc5 12. 0-0 0-0-0 13. Nh2 g5 14. f3 Nh5 15. d4 Ne6 16. a4 Nef4 17. Rf2 Rhg8 18. d5 Qd7 19. a5 Ng3 20. Bf1 f5 21. axb6 axb6 22. exf5 Nxf5 23. Bd3 h5 24. Kf1 Ng3+ 25. Ke1 Rde8 26. Be4 Rgf8 27. Qc2 Ba6 28. Qa2 Kb7 29. c5 dxc5 30. Bxc5 Nxe4 31. Ra1 Nxc5 0-1

[Event "EU-Cup 32nd"]
[Site "Novi Sad"]
[Date "2016.11.08"]
[Round "3.5"]
[White "Grunberg, Mihai Lucian"]
[Black "McMorrow, John"]
[Result "1-0"]
[WhiteElo "2397"]
[BlackElo "1971"]
[PlyCount "71"]
[EventDate "2016.11.06"]
[EventType "team-swiss"]
[EventRounds "7"]
[EventCountry "SRB"]
[SourceTitle "CBM 176"]
[Source "ChessBase"]
[SourceDate "2017.01.17"]
[SourceVersion "1"]
[SourceVersionDate "2017.01.17"]
[SourceQuality "1"]
[WhiteTeam "Timisoara Luxten"]
[BlackTeam "Gonzaga"]
[WhiteTeamCountry "ROU"]
[BlackTeamCountry "IRL"]

1. Nf3 d5 2. g3 Nf6 3. Bg2 c6 4. 0-0 Bg4 5. c4 e6 6. d3 Be7 7. Qb3 Qc8 8. Nc3 Nbd7 9. cxd5 exd5 10. Qc2 0-0 11. e4 Nb6 12. Re1 dxe4 13. dxe4 Rd8 14. a4 a5 15. Ng5 Bb4 16. Qb3 Qc7 17. h3 Bh5 18. Bf4 Qe7 19. Nf3 Nfd7 20. Bg5 Qe8 21. Bxd8 Nc5 22. Qc2 Rxd8 23. Rad1 Bxc3 24. Qxc3 Nbxa4 25. Qxa5 b6 26. Qb4 b5 27. g4 Bg6 28. b3 Rxd1 29. Rxd1 Nb2 30. Qxc5 Nxd1 31. Qd4 Nxf2 32. Kxf2 Bxe4 33. Qe3 f6 34. Nd4 Bg6 35. Qxe8+ Bxe8 36. Bxc6 1-0

[Event "Gonzaga Masters"]
[Site "Dublin"]
[Date "2016.01.23"]
[Round "2"]
[White "O'Donnell, Conor"]
[Black "McMorrow, John"]
[Result "1-0"]
[WhiteElo "2302"]
[BlackElo "1983"]
[PlyCount "87"]
[EventDate "2016.01.22"]
[EventType "swiss"]
[EventRounds "5"]
[EventCountry "IRL"]
[SourceTitle "EXT 2023"]
[Source "ChessBase"]
[SourceDate "2022.10.05"]
[SourceVersion "1"]
[SourceVersionDate "2022.10.05"]
[SourceQuality "1"]

1. d4 d5 2. c4 e6 3. Nc3 Nf6 4. cxd5 exd5 5. Bg5 Be7 6. Qc2 c6 7. e3 Nbd7 8. Bd3 Qa5 9. Nf3 0-0 10. Bxh7+ Nxh7 11. Bxe7 Re8 12. Bh4 Ndf6 13. 0-0 Ne4 14. Nd2 g5 15. Ncxe4 gxh4 16. Nd6 Re7 17. Nf3 Qd8 18. Nxc8 Qxc8 19. Nxh4 Re4 20. Nf3 f6 21. Nd2 Rg4 22. f3 Rg7 23. Kh1 Kh8 24. Rf2 Qe8 25. e4 Rd8 26. Qc3 Qh5 27. Re1 Qh4 28. Qe3 Rdg8 29. Rfe2 Rg5 30. Qf2 Qh6 31. Qe3 Qh4 32. Nf1 Rh5 33. Qf2 Qf4 34. e5 Ng5 35. Qe3 Qh4 36. exf6 Nf7 37. Qe7 Rh7 38. Qxb7 Qxf6 39. Qxa7 Rhg7 40. Ng3 Rh7 41. Re8 Qh4 42. Rxg8+ Kxg8 43. Re8+ Kg7 44. Nf5+ 1-0

[Event "EU-Cup 31st"]
[Site "Skopje"]
[Date "2015.10.22"]
[Round "5.6"]
[White "McMorrow, John"]
[Black "Miles, Richard"]
[Result "1/2-1/2"]
[WhiteElo "1974"]
[BlackElo "1955"]
[PlyCount "98"]
[EventDate "2015.10.18"]
[EventType "team-swiss"]
[EventRounds "7"]
[EventCountry "MKD"]
[SourceTitle "CBM 169"]
[Source "ChessBase"]
[SourceDate "2015.11.10"]
[SourceVersion "1"]
[SourceVersionDate "2015.11.10"]
[SourceQuality "1"]
[WhiteTeam "Gonzaga"]
[BlackTeam "Abergavenny"]
[WhiteTeamCountry "IRL"]
[BlackTeamCountry "WLS"]

1. e4 c5 2. Nf3 Nc6 3. d4 cxd4 4. Nxd4 g6 5. Nc3 Bg7 6. Be3 Nf6 7. Bc4 0-0 8. f3 Qb6 9. Bb3 Ng4 10. Nd5 Nxe3 11. Nxb6 Nxd1 12. Nxc6 dxc6 13. Nxa8 Nxb2 14. Rb1 Bd7 15. Kd2 Rxa8 16. c3 b5 17. Rxb2 b4 18. Kc2 Bxc3 19. Rbb1 c5 20. Rhd1 Bd4 21. Bd5 Rb8 22. Kb3 e6 23. Bc4 a5 24. a4 Kg7 25. g4 Kf6 26. f4 Bc6 27. g5+ Kg7 28. e5 Be4 29. Bd3 Bd5+ 30. Bc4 Bf3 31. Rf1 Be4 32. Rbd1 Kf8 33. Rfe1 Bf3 34. Rd3 Bc6 35. Rh3 Kg7 36. Rd3 Rh8 37. Rh3 h6 38. Bb5 Bd5+ 39. Bc4 Bg2 40. Rxh6 Rxh6 41. gxh6+ Kxh6 42. Re2 Bf3 43. Rd2 Be4 44. Re2 Bf3 45. Rd2 Be4 46. Re2 Bc6 47. Bb5 Bd5+ 48. Bc4 Bc6 49. Bb5 Bd5+ 1/2-1/2

[Event "EU-Cup 27th"]
[Site "Rogaska Slatina"]
[Date "2011.09.26"]
[Round "2"]
[White "Rathlev, Jakob"]
[Black "McMorrow, John"]
[Result "1-0"]
[WhiteElo "2251"]
[BlackElo "2040"]
[PlyCount "67"]
[EventDate "2011.09.25"]
[EventType "team-swiss"]
[EventRounds "7"]
[EventCountry "SLO"]
[SourceTitle "CBM 145"]
[Source "ChessBase"]
[SourceDate "2011.11.11"]
[SourceVersion "1"]
[SourceVersionDate "2011.11.11"]
[SourceQuality "1"]
[WhiteTeam "Jetsmark"]
[BlackTeam "Gonzaga"]
[WhiteTeamCountry "DEN"]
[BlackTeamCountry "IRL"]

1. c4 e5 2. g3 Nc6 3. Nc3 g6 4. Bg2 Bg7 5. e4 d6 6. d3 Nge7 7. Nge2 f5 8. 0-0 0-0 9. Nd5 Nxd5 10. cxd5 Ne7 11. Qb3 Rb8 12. Be3 a6 13. Rac1 Kh8 14. Rc2 Ra8 15. Rd1 c5 16. dxc6 Nxc6 17. exf5 Rxf5 18. d4 Qe7 19. dxe5 Rxe5 20. Qa3 Bg4 21. h3 Bf5 22. Rcd2 Ra5 23. Qxd6 Qxd6 24. Rxd6 Bf8 25. Bd2 Rxa2 26. Bc3+ Bg7 27. Bd5 Ra4 28. g4 Bc2 29. Rd2 Ra1+ 30. Kg2 Bxc3 31. Nxc3 Ba4 32. Nxa4 Rxa4 33. Rxc6 Rd8 34. Rcc2 1-0